[Event "African Online-ch Open 2021"]
[Site "Online"]
[Date "2021.02.01"]
[Round "6.15"]
[White "Meftahi, Houssem"]
[Black "Kamara, Ansumana"]
[Result "1-0"]
[WhiteElo "2110"]
[BlackElo "1899"]
[Annotator "TA"]
[PlyCount "73"]
[EventDate "2021.02.01"]
[EventType "swiss"]
[EventCountry "NET"]
[SourceTitle "playchess.com"]
[Source "ChessBase"]
[SourceQuality "1"]

{[%evp 15,72,0,0,-22,-12,-39,-46,-32,11,0,62,39,52,5,12,0,19,-44,118,114,419,385,397,356,402,331,304,239,477,210,228,225,187,164,132,52,31,42,77,0,-70,-302,-115,-293,1157,1130,29965,777,29964,29959,5261,5189,29996,29997,29997,29998,29998,29999,29999]} 1. e4 c5 2. Nf3 d6 3. d4 cxd4 4. Nxd4 Nf6 5. Nc3 a6 6. Bc4 Qc7 7. Bb3 e6 8. Bg5 Be7 9. f4 {B95: Sicilian Najdorf: 6 Bg5 e6, unusual White 7th moves.} (9. a3 {looks sharper.} O-O 10. O-O b5 11. Qf3 Nc6 12. Rad1) 9... h6 10. Bxf6 (10. Bh4 {keeps more tension.} O-O 11. Qf3 b5 12. a3 Bb7 13. f5) 10... Bxf6 11. Qd2 {Black is slightly better.} O-O 12. O-O-O {[#]} Be7 $146 ({Better is} 12... b5 $11) ({Predecessor:} 12... Rd8 13. Nde2 b5 14. g4 Bb7 15. Ng3 Qc5 16. Nce2 a5 17. c3 Nc6 18. Nh5 Bh4 19. Bc2 {0-1 (29) Rakic,S (1729)-Omorjan,D (2281) Kragujevac 2017}) 13. Kb1 Nc6 14. g4 Nxd4 15. Qxd4 b5 16. Rhg1 (16. f5 $11) 16... e5 $2 (16... d5 $15 {stays ahead.} 17. Rge1 (17. exd5 Bc5 $17) 17... Bf6) 17. Qd2 {Hoping for g5.} Bb7 $2 {[%mdl 8192]} (17... exf4 $16 {is a better chance.} 18. Nd5 Qd8) 18. g5 $18 hxg5 19. fxg5 g6 20. h4 Kg7 21. h5 gxh5 $2 (21... Rh8 22. Nd5 Bxd5 23. Qxd5 Raf8) 22. Qe2 (22. Rdf1 $142 d5 23. Nxd5) 22... Rh8 23. Qf3 {[%csl Gb3][%cal Rf3f7][%mdl 1024] White has strong compensation.} Raf8 24. a3 Qd8 25. Rh1 ({White should play} 25. Nd5 $16) 25... h4 $14 26. Rdg1 Bxg5 27. Rxg5+ Qxg5 $15 28. Qf2 $2 (28. Ne2 $1 $15) 28... Qf4 $2 (28... Bc8 $19 {has better winning chances. aiming for ...h3.} 29. Rg1 Bg4) 29. Rg1+ $2 (29. Qg1+ $17 Kh7 30. Qe1) 29... Kf6 $4 {[%mdl 8192]} (29... Kh7 $19 30. Qe2 Rhg8) 30. Qb6 $1 $18 {[%csl LRb7,LRd6][%cal Rb6d6]} Bxe4 31. Qxd6+ Kf5 {[#]} 32. Bxf7 $1 {[%csl Gd6,Gg1][%cal Rf7g6][%mdl 512]} Bxc2+ 33. Ka1 {[%csl Gd6,Gg1][%cal Rf7g6]} Qh6 34. Bg6+ {White mates.} Kf4 35. Qd2+ {[%mdl 64] Double Attack} Kf3 36. Qe2+ {[%mdl 64] [#] Double Attack} Kf4 37. Qf2# {Weighted Error Value: White=0.51/Black=0.87} 1-0

[Event "African Online-ch Open 2021"]
[Site "Online"]
[Date "2021.02.01"]
[Round "6.16"]
[White "Simpson, Michael M"]
[Black "Calicoca, Wilton Inacio"]
[Result "0-1"]
[WhiteElo "1995"]
[BlackElo "2122"]
[Annotator "TA"]
[PlyCount "72"]
[EventDate "2021.02.01"]
[EventType "swiss"]
[EventCountry "NET"]
[SourceTitle "playchess.com"]
[Source "ChessBase"]
[SourceQuality "1"]

{[%evp 9,72,10,3,4,14,8,4,0,0,-2,18,0,42,3,0,4,94,97,47,66,106,-21,87,0,0,0,0,0,66,53,152,137,152,146,354,341,349,339,412,411,401,400,839,632,547,444,324,0,0,0,104,0,0,-7,-16,-12833,-12834,-5824,-6060,-5728,-4810,-12840,-12841,-29994,-29995]} 1. e4 c5 2. Nc3 a6 3. g3 Nc6 4. Bg2 Nf6 5. d3 e6 6. Nge2 {B24: Closed Sicilian: 3 g3 sidelines.} d6 7. O-O Be7 8. h3 {The position is equal.} Qc7 9. f4 b6 10. g4 Bb7 11. Be3 O-O-O {[#]} 12. f5 $146 {Hoping for fxe6.} ({Predecessor:} 12. Qc1 d5 13. e5 d4 14. exf6 Bxf6 15. g5 Be7 16. Bf2 dxc3 17. bxc3 h6 18. Bg3 {0-1 (35) Boucek,V (2032)-Hulin,P (2073) Ricany 2009}) 12... h6 (12... Nd7 $11 {keeps the balance.}) 13. fxe6 fxe6 14. Nf4 Qd7 15. a4 (15. Na4 $16 Kc7 16. Ng6) 15... Nd4 (15... g5 $11 16. Ng6 Rhg8 17. Nxe7+ Qxe7) 16. Bxd4 (16. Ng6 $16) 16... cxd4 $11 17. Nce2 e5 18. Ng6 $36 {[%mdl 2048] Black is under pressure.} Rhg8 (18... Rhe8 $11) 19. c3 Qe8 (19... dxc3 $14 20. Qb3 (20. bxc3 d5 $14) (20. Nxc3 Rde8 $11) 20... c2) 20. Nxe7+ $16 Qxe7 21. cxd4 d5 $2 (21... Kb8 $16 22. Qb3 Ka7) 22. dxe5 $18 Qxe5 {[%cal Rd5e4]} 23. d4 Qe7 24. e5 Ne4 25. Qb3 Qg5 (25... Qd7 $142 26. Qxb6 Kb8) 26. Rac1+ Kb8 27. Bxe4 dxe4 28. Qxb6 $2 ({White should try} 28. Rf5 $18 Qh4 29. Rcf1) 28... Qe3+ $11 29. Rf2 {White threatens Rc7 and mate.} Rc8 (29... Rdf8 $1 $11 {remains equal.} 30. Rcf1 Ka8) 30. Rxc8+ (30. Rc3 $16 Rxc3 31. bxc3) 30... Rxc8 31. Kg2 {Strongly threatening Nc3.} Qd2 {aiming for ...e3+.} (31... Qd3 $5 32. Nf4 $8 Qd1 $11) 32. Nc3 $2 {[%mdl 8192]} (32. Kh2 $11) 32... e3+ $19 {[%mdl 64] [#] Pin, Discovered Attack} 33. Qxb7+ Kxb7 34. Rxd2 exd2 35. e6 {[#]} Rxc3 $1 {[%mdl 512]} 36. e7 (36. bxc3 d1=Q) 36... Re3 {Weighted Error Value: White=1.05/Black=0.49} 0-1

[Event "African Online-ch Open 2021"]
[Site "Online"]
[Date "2021.02.01"]
[Round "6.17"]
[White "Cambando, Jose"]
[Black "Bongo Akanga Ndjila, Barthelemy"]
[Result "1-0"]
[WhiteElo "2128"]
[BlackElo "1803"]
[Annotator "RC"]
[PlyCount "81"]
[EventDate "2021.02.01"]
[EventType "swiss"]
[EventCountry "NET"]
[SourceTitle "playchess.com"]
[Source "ChessBase"]
[SourceQuality "1"]
[TimeControl "1500+10"]

1. Nf3 {[%emt 0:01:00]} d5 {[%emt 0:03:50]} 2. g3 {[%emt 0:00:07]} c6 {[%emt 0:00:12]} 3. Bg2 {[%emt 0:00:04]} Nf6 {[%emt 0:00:03]} 4. O-O {[%emt 0:00:03]} Bf5 {[%emt 0:00:04]} 5. d3 {[%emt 0:00:03]} e6 {[%emt 0:00:12]} 6. Nbd2 {[%emt 0:00:07]} Be7 {[%emt 0:01:36]} 7. c4 {[%emt 0:00:13]} h6 {[%emt 0:00:06]} 8. h3 {[%emt 0:00:08]} O-O {[%emt 0:00:04]} 9. a3 {[%emt 0:00:06]} a5 {[%emt 0:00:05]} 10. b3 {[%emt 0:00:04]} Bh7 {[%emt 0:00:09]} 11. Bb2 {[%emt 0:00:04]} Nbd7 {[%emt 0:00:11]} 12. Qc2 {[%emt 0:00:14]} a4 {[%emt 0:01:37]} 13. b4 {[%emt 0:00:06]} dxc4 {[%emt 0:00:29]} 14. Nxc4 {[%emt 0:00:09]} Nd5 {[%emt 0:02:08]} 15. Rac1 {[%emt 0:00:25]} Bf6 {[%emt 0:00:02]} 16. Na5 {[%emt 0:01:44]} Bxb2 {[%emt 0:00:32]} 17. Qxb2 {[%emt 0:00:05]} Qb8 {[%emt 0:02:02]} 18. Rc2 {[%emt 0:00:11]} Rc8 {[%emt 0:00:13]} 19. Rfc1 {[%emt 0:00:04]} N7b6 {[%emt 0:00:08]} 20. e4 {[%emt 0:00:10]} Nc7 {[%emt 0:00:17]} 21. Qd4 {[%emt 0:00:42]} Qa7 {[%emt 0:00:12]} 22. Nxc6 {[%emt 0:00:49]} bxc6 {[%emt 0:00:02]} 23. Rxc6 {[%emt 0:00:04]} Rab8 {[%emt 0:02:28]} 24. R1c5 {[%emt 0:08:07]} Bg6 {[%emt 0:03:10]} 25. Qc3 {[%emt 0:00:39]} Nba8 {[%emt 0:01:23]} 26. Ne5 {[%emt 0:00:18]} Kh7 {[%emt 0:00:27]} 27. d4 {[%emt 0:00:32]} Nb5 {[%emt 0:01:15]} 28. Rxb5 {[%emt 0:00:05]} Rxb5 {[%emt 0:02:11]} 29. Rxc8 {[%emt 0:00:08]} Rb7 {[%emt 0:01:32]} 30. Nxg6 {[%emt 0:00:25]} Kxg6 {[%emt 0:00:25]} 31. e5 {[%emt 0:00:04]} Rc7 {[%emt 0:00:58]} 32. Qd3+ {[%emt 0:00:12]} f5 {[%emt 0:00:11]} 33. exf6+ {[%emt 0:00:06]} Kxf6 {[%emt 0:00:02]} 34. Rxa8 {[%emt 0:00:04]} Rc1+ {[%emt 0:00:14]} 35. Kh2 {[%emt 0:00:04]} Qc7 {[%emt 0:00:43]} 36. Qf3+ {[%emt 0:00:34]} Kg6 {[%emt 0:00:10]} 37. Qe4+ {[%emt 0:00:03]} Kf6 {[%emt 0:00:08]} 38. Rf8+ {[%emt 0:00:15]} Ke7 {[%emt 0:00:06]} 39. Qa8 {[%emt 0:00:07]} Ra1 {[%emt 0:01:34]} 40. Qe8+ {[%emt 0:00:31]} Kd6 {[%emt 0:00:03]} 41. Rf7 {[%emt 0:00:05]} 1-0

[Event "African Online-ch Open 2021"]
[Site "Online"]
[Date "2021.02.01"]
[Round "6.18"]
[White "Ndegwa, Jackson Kamau"]
[Black "Singe, Philip Mbawala"]
[Result "1-0"]
[WhiteElo "2001"]
[BlackElo "1857"]
[Annotator "RC"]
[PlyCount "121"]
[EventDate "2021.02.01"]
[EventType "swiss"]
[EventCountry "NET"]
[SourceTitle "playchess.com"]
[Source "ChessBase"]
[SourceQuality "1"]
[TimeControl "1500+10"]

1. e4 {[%emt 0:00:00]} e5 {[%emt 0:00:35]} 2. Nf3 {[%emt 0:00:05]} Nf6 {[%emt 0:01:45]} 3. Nxe5 {[%emt 0:00:07]} d6 {[%emt 0:00:04]} 4. Nf3 {[%emt 0:00:08]} Nxe4 {[%emt 0:00:04]} 5. d4 {[%emt 0:00:02]} d5 {[%emt 0:00:03]} 6. Bd3 {[%emt 0:00:04]} Nc6 {[%emt 0:00:04]} 7. O-O {[%emt 0:00:03]} Be7 {[%emt 0:00:07]} 8. c3 {[%emt 0:00:05]} O-O {[%emt 0:00:08]} 9. Bf4 {[%emt 0:00:06]} Bg4 {[%emt 0:00:04]} 10. h3 {[%emt 0:00:02]} Bh5 {[%emt 0:00:03]} 11. Nbd2 {[%emt 0:00:07]} Nxd2 {[%emt 0:00:05]} 12. Qxd2 {[%emt 0:00:08]} Bg6 {[%emt 0:00:04]} 13. Rfe1 {[%emt 0:00:07]} Bd6 {[%emt 0:00:03]} 14. Ne5 {[%emt 0:00:05]} Re8 {[%emt 0:00:22]} 15. Nxg6 {[%emt 0:00:08]} hxg6 {[%emt 0:00:03]} 16. Bb5 {[%emt 0:00:09]} Bxf4 {[%emt 0:00:06]} 17. Qxf4 {[%emt 0:00:05]} Qd6 {[%emt 0:00:05]} 18. Qxd6 {[%emt 0:00:05]} cxd6 {[%emt 0:00:02]} 19. f3 {[%emt 0:00:10]} Kf8 {[%emt 0:00:03]} 20. Ba4 {[%emt 0:00:07]} Rxe1+ {[%emt 0:00:12]} 21. Rxe1 {[%emt 0:00:10]} Re8 {[%emt 0:00:02]} 22. Rxe8+ {[%emt 0:00:06]} Kxe8 {[%emt 0:00:03]} 23. Kf2 {[%emt 0:00:05]} Kd7 {[%emt 0:00:06]} 24. g4 {[%emt 0:00:05]} g5 {[%emt 0:00:04]} 25. Kg3 {[%emt 0:00:03]} Ke6 {[%emt 0:00:03]} 26. Bxc6 {[%emt 0:00:04]} bxc6 {[%emt 0:00:03]} 27. f4 {[%emt 0:00:02]} f6 {[%emt 0:00:08]} 28. f5+ {[%emt 0:00:06]} Kf7 {[%emt 0:00:07]} 29. h4 {[%emt 0:00:41]} Ke7 {[%emt 0:00:05]} 30. hxg5 {[%emt 0:00:24]} fxg5 {[%emt 0:00:02]} 31. Kf3 {[%emt 0:00:03]} Kd7 {[%emt 0:00:03]} 32. Ke3 {[%emt 0:00:02]} Kc7 {[%emt 0:00:01]} 33. Kd3 {[%emt 0:00:02]} Kb6 {[%emt 0:00:02]} 34. c4 {[%emt 0:00:03]} Ka5 {[%emt 0:00:11]} 35. cxd5 {[%emt 0:00:05]} cxd5 {[%emt 0:00:01]} 36. Kc3 {[%emt 0:00:01]} Kb5 {[%emt 0:00:03]} 37. Kb3 {[%emt 0:00:09]} a5 {[%emt 0:00:02]} 38. a4+ {[%emt 0:00:05]} Ka6 {[%emt 0:00:15]} 39. Ka3 {[%emt 0:00:06]} Kb6 {[%emt 0:00:06]} 40. b4 {[%emt 0:00:02]} Ka6 {[%emt 0:00:06]} 41. bxa5 {[%emt 0:00:02]} Kxa5 {[%emt 0:00:03]} 42. Kb3 {[%emt 0:00:02]} Ka6 {[%emt 0:00:02]} 43. Kb4 {[%emt 0:00:02]} Kb6 {[%emt 0:00:02]} 44. a5+ {[%emt 0:00:02]} Ka6 {[%emt 0:00:03]} 45. Ka4 {[%emt 0:00:01]} Ka7 {[%emt 0:00:04]} 46. Kb5 {[%emt 0:00:02]} Kb7 {[%emt 0:00:02]} 47. a6+ {[%emt 0:00:01]} Kc7 {[%emt 0:00:06]} 48. a7 {[%emt 0:00:04]} Kb7 {[%emt 0:00:01]} 49. a8=Q+ {[%emt 0:00:05]} Kxa8 {[%emt 0:00:02]} 50. Kc6 {[%emt 0:00:02]} Kb8 {[%emt 0:00:02]} 51. Kxd6 {[%emt 0:00:02]} Kc8 {[%emt 0:00:02]} 52. Kxd5 {[%emt 0:00:03]} Kd7 {[%emt 0:00:02]} 53. Ke5 {[%emt 0:00:01]} Ke7 {[%emt 0:00:02]} 54. d5 {[%emt 0:00:02]} Kd7 {[%emt 0:00:02]} 55. d6 {[%emt 0:00:02]} Kd8 {[%emt 0:00:03]} 56. Ke6 {[%emt 0:00:02]} Ke8 {[%emt 0:00:01]} 57. d7+ {[%emt 0:00:04]} Kd8 {[%emt 0:00:02]} 58. Kf7 {[%emt 0:00:01]} Kxd7 {[%emt 0:00:02]} 59. Kxg7 {[%emt 0:00:03]} Ke7 {[%emt 0:00:01]} 60. Kg6 {[%emt 0:00:01]} Kf8 {[%emt 0:00:03]} 61. Kxg5 {[%emt 0:00:02]} 1-0

[Event "African Online-ch Open 2021"]
[Site "Online"]
[Date "2021.02.01"]
[Round "6.19"]
[White "Strovsky, Mikhail"]
[Black "Mwashe, Philip"]
[Result "1/2-1/2"]
[WhiteElo "2164"]
[BlackElo "1756"]
[Annotator "TA"]
[PlyCount "101"]
[EventDate "2021.02.01"]
[EventType "swiss"]
[EventCountry "NET"]
[SourceTitle "playchess.com"]
[Source "ChessBase"]
[SourceQuality "1"]

{[%evp 16,101,39,41,83,37,50,12,23,12,20,11,23,0,51,55,60,0,0,0,-1,-13,-8,-16,-12,-19,-15,-33,-32,-33,-33,-37,-40,-52,-49,-41,0,0,0,0,0,0,0,0,0,-16,0,-7,0,0,0,0,0,0,0,0,0,0,0,0,0,0,0,0,0,0,0,0,0,0,0,0,0,0,0,0,10,0,0,0,0,0,0,0,0,0,0,0]} 1. e4 c5 2. Nf3 d6 3. Bb5+ Bd7 4. Bxd7+ Qxd7 5. O-O Nc6 6. c3 g6 7. d4 cxd4 8. cxd4 Bg7 9. Nc3 a6 {[#] B52: Sicilian: Moscow Variation with 3...Bd7.} 10. b3 $146 ({Predecessor:} 10. Be3 b5 11. Rc1 Nf6 12. h3 O-O 13. a3 Rfb8 14. b4 Rb7 15. d5 Nd8 16. Nd4 Rc8 17. f3 {0-1 (70) Derevshikov,N (1754)-Eramian,G (1987) Sochi 2019}) 10... Nf6 11. Bb2 O-O 12. Re1 Rad8 13. Qe2 Nh5 14. Qe3 Qg4 (14... f5 $11) 15. h3 $14 Qf4 16. Nd5 ({Better is} 16. Qe2 $14) 16... Qxe3 $11 17. Nxe3 Nf6 18. Nd5 e6 19. Nxf6+ Bxf6 20. Rad1 d5 21. e5 Be7 22. Re2 Rc8 23. Rc1 Nb4 24. Ba3 Rxc1+ 25. Bxc1 Nd3 26. Rc2 {The position is equal.} Nxc1 27. Rxc1 {[%mdl 4096] Endgame KRB-KRN} Rb8 28. Kf1 Kf8 29. Ke2 Ke8 30. Kd3 Kd8 31. g3 Rc8 (31... h6 {is interesting.} 32. Nh2 Kd7 33. h4 Rg8 34. Ng4 h5) 32. Rxc8+ Kxc8 {KB-KN} 33. Kc3 a5 34. a4 b6 35. Kd3 h6 36. Ke3 Bb4 37. Ng1 Kd7 38. Ne2 Ke7 39. f3 Kf8 40. Kd3 Ke8 41. Nc3 Kd7 42. Nb5 h5 43. g4 h4 44. Ke3 g5 45. f4 Be7 46. f5 Bb4 47. fxe6+ fxe6 48. Kd3 Kc6 49. Na7+ Kb7 50. Nb5 Kc6 51. Na7+ {Weighted Error Value: White=0.06/Black=0.06} 1/2-1/2

[Event "African Online-ch Open 2021"]
[Site "Online"]
[Date "2021.02.01"]
[Round "6.20"]
[White "Njoroge Martin"]
[Black "Sang, Ricky"]
[Result "1-0"]
[WhiteElo "1965"]
[BlackElo "1991"]
[Annotator "TA"]
[PlyCount "59"]
[EventDate "2021.02.01"]
[EventType "swiss"]
[EventCountry "NET"]
[SourceTitle "playchess.com"]
[Source "ChessBase"]
[SourceQuality "1"]

{[%evp 14,59,50,56,141,145,196,199,195,177,219,191,191,180,197,110,266,258,252,241,286,284,324,301,297,297,450,321,304,283,337,337,367,365,517,372,377,375,381,374,427,414,416,387,411,402,472,462]} 1. e4 c5 2. Nf3 d6 3. Nc3 a6 4. d4 cxd4 5. Nxd4 Nf6 6. g3 b5 7. Bg2 Bb7 8. O-O Qc7 {B91: Sicilian Najdorf: 6 g3.} (8... Nbd7 $14) 9. Nd5 $16 Bxd5 (9... Nxd5 $16 {is a better defense.} 10. exd5 Nd7) 10. exd5 $18 g6 {[#] White is clearly better.} 11. a4 $146 {[%cal Ba2a4,Ba4a5][%mdl 32]} ({Predecessor:} 11. Re1 Bg7 12. Qe2 O-O 13. Qxe7 Qc5 14. Nb3 Qxc2 15. Qxd6 Nbd7 16. Nd4 Qc4 17. Nc6 {1-0 (80) Lipski,T (1959)-Wojciechowski,A (1869) Lublin 2013}) 11... b4 12. a5 Bg7 13. Be3 O-O 14. Nc6 ({White should try} 14. Ra4 $18) 14... Nxc6 $2 {Black cannot hold the game after this.} (14... Qb7 $16) 15. Bb6 ({And not} 15. dxc6 d5 $11) 15... Qc8 {[#] Hoping for ...Ne5.} 16. dxc6 d5 17. Bxd5 Nxd5 18. Qxd5 Bxb2 19. Rad1 e6 (19... b3 $142 20. cxb3 Ba3) 20. Qd7 Bf6 21. Rd3 Kg7 22. Rb1 Bc3 23. c7 h5 (23... Qxd7 $142 24. Rxd7 g5) 24. Qxc8 Raxc8 25. Rd8 Be5 26. Rd7 Bc3 27. Rbd1 Bf6 28. Kf1 Rfe8 29. Ke2 e5 30. R1d6 {Weighted Error Value: White=0.19/Black=0.41} 1-0

[Event "African Online-ch Open 2021"]
[Site "Online"]
[Date "2021.02.01"]
[Round "6.21"]
[White "Khalema, Sechaba"]
[Black "Vermaak, Ashley Christopher"]
[Result "0-1"]
[WhiteElo "1827"]
[BlackElo "1751"]
[Annotator "NA RC"]
[PlyCount "74"]
[EventDate "2021.02.01"]
[EventType "swiss"]
[EventCountry "NET"]
[SourceTitle "playchess.com"]
[Source "ChessBase"]
[SourceQuality "1"]
[TimeControl "1500+10"]

1. d4 {[%emt 0:00:00]} d5 {[%emt 0:00:06]} 2. c4 {[%emt 0:00:03]} c6 {[%emt 0:00:03]} 3. cxd5 {[%emt 0:00:19]} cxd5 {[%emt 0:00:04]} 4. Nc3 {[%emt 0:00:05]} Nf6 {[%emt 0:00:04]} 5. Bf4 {[%emt 0:00:03]} Nc6 {[%emt 0:00:04]} 6. e3 {[%emt 0:00:02]} a6 {[%emt 0:00:07]} 7. Bd3 {[%emt 0:00:04]} Bg4 {[%emt 0:00:48]} 8. Nge2 {[%emt 0:00:05]} e6 {[%emt 0:00:08]} 9. h3 {[%emt 0:00:05]} Bh5 {[%emt 0:00:04]} 10. O-O {[%emt 0:00:03]} Bd6 {[%emt 0:00:15]} 11. Qd2 {[%emt 0:00:06]} Bg6 {[%emt 0:00:28]} 12. Rac1 {[%emt 0:00:04]} Rc8 {[%emt 0:00:55]} 13. Rfd1 {[%emt 0:00:10]} O-O {[%emt 0:00:35]} 14. Kh1 {[%emt 0:04:31]} Ne4 {[%emt 0:02:44]} 15. Bxe4 {[%emt 0:00:07]} Bxe4 {[%emt 0:00:09]} 16. Nxe4 {[%emt 0:00:04]} dxe4 {[%emt 0:00:03]} 17. a3 {[%emt 0:00:17]} Bxf4 {[%emt 0:03:08]} 18. Nxf4 {[%emt 0:00:13]} g5 {[%emt 0:02:32]} 19. Ne2 {[%emt 0:00:09]} Ne7 {[%emt 0:03:28]} 20. Rxc8 {[%emt 0:00:34]} Qxc8 {[%emt 0:00:05]} 21. Rc1 {[%emt 0:00:02]} Qd7 {[%emt 0:00:12]} 22. Rc5 {[%emt 0:00:03]} Nd5 {[%emt 0:00:29]} 23. Qc2 {[%emt 0:00:04]} f5 {[%emt 0:00:23]} 24. Kg1 {[%emt 0:00:29]} h5 {[%emt 0:00:27]} 25. g4 {[%emt 0:01:28]} hxg4 {[%emt 0:03:52]} 26. hxg4 {[%emt 0:00:04]} Qf7 {[%emt 0:00:29]} 27. gxf5 {[%emt 0:00:04]} Qxf5 {[%emt 0:00:06]} 28. Ng3 {[%emt 0:00:05]} Qf3 {[%emt 0:01:02]} 29. Nxe4 {[%emt 0:00:10]} Rf5 {[%emt 0:04:42]} 30. Ng3 {[%emt 0:00:47]} Nxe3 {[%emt 0:00:48]} 31. Rc8+ {[%emt 0:00:05]} Kh7 {[%emt 0:00:40]} 32. Rc7+ {[%emt 0:00:15]} Kg6 {[%emt 0:00:38]} 33. Qe4 {[%emt 0:00:19]} Qxf2+ {[%emt 0:00:13]} 34. Kh1 {[%emt 0:00:08]} Qe1+ {[%emt 0:00:25]} 35. Kh2 {[%emt 0:00:04]} Qf2+ {[%emt 0:00:12]} 36. Kh1 {[%emt 0:00:11]} Qe1+ {[%emt 0:00:09]} 37. Kh2 {[%emt 0:00:07]} Nf1+ {[%emt 0:00:04]} 0-1

[Event "African Online-ch Open 2021"]
[Site "Online"]
[Date "2021.02.01"]
[Round "7.1"]
[White "Adly, Ahmed"]
[Black "Silva, David"]
[Result "1/2-1/2"]
[WhiteElo "2615"]
[BlackElo "2258"]
[Annotator "TA"]
[PlyCount "92"]
[EventDate "2021.02.01"]
[EventType "swiss"]
[EventCountry "NET"]
[SourceTitle "playchess.com"]
[Source "ChessBase"]
[SourceQuality "1"]

{[%evp 19,92,5,5,8,10,7,29,0,-11,-28,-37,-39,-33,-31,0,-34,-37,-49,-25,-33,-28,-56,-22,-37,-10,-15,0,0,0,0,0,0,0,-24,0,0,0,0,137,0,0,0,0,0,0,0,0,0,0,0,0,0,0,0,0,0,0,0,0,0,0,0,0,0,0,0,0,0,0,0,0,0,0,0,0]} 1. Nf3 Nf6 2. g3 g6 3. Bg2 Bg7 4. d4 O-O 5. c4 d6 6. O-O Nbd7 7. Nc3 e5 8. h3 Re8 9. dxe5 dxe5 10. Be3 c6 11. Qc2 {E67: King's Indian: Fianchetto: 6...Nbd7.} Qe7 12. Rad1 a5 {[%cal Ba7a5,Ba5a4][%mdl 32]} 13. b3 {White has an edge.} Nc5 14. Qc1 {[#]} Nfe4 $146 ({Predecessor:} 14... Nfd7 15. Ng5 Ne6 16. Nxe6 Qxe6 17. Ne4 Bf8 18. Bh6 f5 19. Bxf8 Rxf8 20. Rd6 Qe7 {0-1 (74) Adly,A (2551)-Lie,E (2428) Reykjavik 2008}) 15. Nxe4 Nxe4 16. Ng5 Nf6 17. Kh2 a4 18. Nf3 Ne4 19. Nd2 Nxd2 20. Qxd2 axb3 21. axb3 Be6 22. Ra1 e4 (22... Ra3 {keeps more tension.} 23. Qb2 Rea8 24. Rfd1 Rxa1 25. Rxa1 Rxa1 26. Qxa1 f6) 23. Rxa8 Rxa8 24. Bxe4 Bxh3 $1 25. Kxh3 {[#] Threatens to win with Bf3.} Qxe4 26. Qd7 Bf8 27. Rd1 Ra5 {[%cal Ra5h5]} 28. c5 Rb5 {[#]} (28... Ra8 $11 {remains equal.}) 29. Qc8 ({White must play} 29. Qd8 $1 $16 {Black must now prevent Bh6.} Qe7 30. Qb8) 29... Qe6+ $11 {The position is equal.} ({Don't blunder} 29... Rxb3 $2 30. Bh6 $18) 30. Qxe6 fxe6 {[%mdl 4096] Endgame KRB-KRB} 31. Rd8 {aiming for Bh6.} Kf7 32. Rd7+ Kg8 33. Kg4 Rxb3 34. Rd8 {Strongly threatening Bh6.} Kf7 (34... h5+ {with more complications.} 35. Kg5 Kf7 36. Rd7+ Be7+ 37. Kh6 Ke8) 35. Rd7+ Kg8 36. Bd4 Rb5 37. f4 Bxc5 38. Be5 Kf8 39. Rxh7 {Black should prevent Kg5.} Be7 40. e4 Rb4 41. Kf3 Rb3+ 42. Kg2 Re3 43. Rh8+ Kf7 44. Rh7+ Kf8 45. Rh8+ Kf7 46. Rh7+ Kf8 {Weighted Error Value: White=0.10/Black=0.13} 1/2-1/2

[Event "African Online-ch Open 2021"]
[Site "Online"]
[Date "2021.02.01"]
[Round "7.2"]
[White "Rakotomaharo, Fy Antenaina"]
[Black "Amin, Bassem"]
[Result "0-1"]
[WhiteElo "2422"]
[BlackElo "2693"]
[Annotator "TA"]
[PlyCount "80"]
[EventDate "2021.02.01"]
[EventType "swiss"]
[EventCountry "NET"]
[SourceTitle "playchess.com"]
[Source "ChessBase"]
[SourceQuality "1"]

{[%evp 20,80,49,27,73,52,71,63,88,83,112,100,111,125,154,164,118,135,237,214,233,234,214,133,226,193,207,214,212,214,195,158,105,-46,-22,-412,-400,-784,-768,-769,-763,-781,-777,-774,-790,-753,-710,-734,-706,-1954,-2257,-29982,-29983,-29984,-29985,-29986,-29987,-29989,-29990,-29994,-29995,-29995,-29996]} 1. d4 Nf6 2. c4 g6 3. Nc3 Bg7 4. e4 d6 5. Be2 O-O 6. Nf3 e5 7. O-O Nc6 8. d5 Ne7 9. b4 a5 10. bxa5 Rxa5 11. a4 c5 {E97: King's Indian: Classical Main Line (6...e5 7 0-0 Nc6): 8 Be3 and 8 d5 Ne7, not 9 Ne1.} 12. Ra3 {12.Bd2 is more advanced technology.} Ne8 13. Bd2 {[#]} h6 $146 {White is slightly better.} ({Predecessor:} 13... Ra6 14. Qb1 {½-½ (14) Huzman,A (2602)-Jovanovic,Z (2558) Budva 2009}) 14. Qc1 g5 15. h4 f6 16. Nh2 Ng6 17. g3 gxh4 18. Nb5 ({Resist} 18. Bxh6 Bh3) 18... f5 (18... Ra6 $16 {might work better.}) 19. Bxa5 Qxa5 20. Bh5 Kh7 21. f4 {aiming for exf5.} Qd8 (21... hxg3 $16 22. Bxg6+ (22. Rxg3 Nxf4 23. Bd1 Kh8 $17) 22... Kxg6 23. Rxg3+ Kh7) 22. Bxg6+ $18 Kxg6 23. exf5+ Rxf5 24. Qc2 h5 25. fxe5 Bxe5 {[#]} 26. Raf3 ({Only move:} 26. gxh4 $1 $16 {And now Nf3 would win.} Qxh4 27. Nf3 Qg4+ 28. Qg2) 26... Qg5 $15 27. Rxf5 $4 {[%mdl 8192] White does not recover from this.} (27. Rb3 $1 $11 {and White has nothing to worry.}) 27... Bxf5 $19 28. Qg2 (28. Rxf5 $142 Qxf5 29. Qe2) 28... hxg3 29. Nf3 Qe3+ 30. Kh1 Be4 31. Re1 Qxe1+ 32. Nxe1 Bxg2+ 33. Kxg2 {[%mdl 4096] Endgame KBN-KNN} Kf5 34. Nf3 Kg4 35. Nxe5+ dxe5 {KN-KN. Black mates.} 36. d6 Nf6 37. Nc3 h4 38. Ne4 h3+ 39. Kg1 h2+ 40. Kg2 Nxe4 {Weighted Error Value: White=0.75/Black=0.19} 0-1